000 00785nam a2200229Ia 4500
001 9027
003 GE_BSU
008 181216s||||||||xx |||||||||||||| ||und||
040 _cGE_BSU
080 _a821.353.1–32
100 _aინანიშვილი,რევაზ
245 _aსაღამო ხანის ჩანაწერები
245 _bნოველები
245 _cრედ.ლ.ქადაგიშვილი.მხატვ. თ.მირზაშვილი
260 _aთბილისი
260 _bნაკადული
260 _c1971
300 _a195გვ.ილ.19სმ.
653 _aნოველები
653 _aსაღამო ხანის ჩანაწერები
942 _cBK
999 _c42331
_d42331